Any Vowel Will Do Quiz Stats

 Plays Quiz Updated Feb 19, 2020

Support Sporcle.
Go Orange.
Score 0/20 Timer 06:00
2 Plays Today
% Correct
b_g
96.5%
l_st
75.2%
p_t
73.9%
b_nd
71.6%
m_te
66.7%
t_n
65.3%
d_n
64.1%
m_re
62.5%
h_t
61.8%
g_t
60%
% Correct
f_n
58.2%
f_r
55.5%
r_m
54%
h_p
48.8%
c_re
47.5%
n_b
47.5%
m_g
45%
c_te
40.5%
d_re
39.3%
t_le
38.7%

You're not logged in!

Compare scores with friends on all Sporcle quizzes.
OR
Log In

From the Vault

Multiple Choice Minefield Blitz II

by Thebiguglyalien

You really shouldn't be blitzing through minefields.
Remove Ads.
Support Sporcle.
Get the best of Sporcle when you Go Orange. This ad-free experience offers more features, more stats, and more fun while also helping to support Sporcle. Thank you for becoming a member.

Show Comments

Extras

Top Quizzes Today


Score Distribution

Your Account Isn't Verified!

In order to create a playlist on Sporcle, you need to verify the email address you used during registration. Go to your Sporcle Settings to finish the process.

Report this User

Report this user for behavior that violates our Community Guidelines.

Details: